[Event "Ch_SFO"]
[Site "?"]
[Date "2018.03.19"]
[Round "7.4"]
[White "Matiukova, Uliana"]
[Black "Erdenieva, Oyuna"]
[Result "1-0"]
[BlackElo "2079"]
[WhiteElo "1986"]
[LiveChessVersion "1.4.8"]

1. d4 {[%clk 1:30:30]} d5 {[%clk 1:30:30]} 2. c4 {[%clk 1:30:30]} c6
{[%clk 1:30:30]} 3. Nf3 {[%clk 1:30:30]} Nf6 {[%clk 1:30:50]} 4. e3
{[%clk 1:29:43]} e6 {[%clk 1:30:23]} 5. b3 {[%clk 1:28:54]} Nbd7 {[%clk 1:30:14]}
6. Bd3 {[%clk 1:29:09]} Bd6 {[%clk 1:30:12]} 7. Bb2 {[%clk 1:28:54]} O-O
{[%clk 1:30:13]} 8. O-O {[%clk 1:28:50]} b6 {[%clk 1:27:08]} 9. Nbd2
{[%clk 1:26:36]} Bb7 {[%clk 1:26:45]} 10. Ne5 {[%clk 1:26:12]} c5
{[%clk 1:24:24]} 11. Qe2 {[%clk 1:24:45]} cxd4 {[%clk 1:15:42]} 12. exd4
{[%clk 1:24:57]} dxc4 {[%clk 1:15:57]} 13. bxc4 {[%clk 1:16:25]} Qe7
{[%clk 1:15:33]} 14. a4 {[%clk 1:14:40]} Bb4 {[%clk 1:08:42]} 15. Ndf3
{[%clk 1:09:39]} Nxe5 {[%clk 1:02:26]} 16. Nxe5 {[%clk 1:08:49]} Nd7
{[%clk 1:02:02]} 17. f4 {[%clk 1:03:21]} Rfe8 {[%clk 0:45:40]} 18. Rad1
{[%clk 0:55:15]} Rad8 {[%clk 0:42:15]} 19. Bb1 {[%clk 0:54:12]} Nf8
{[%clk 0:33:30]} 20. Rd3 {[%clk 0:47:22]} f6 {[%clk 0:31:52]} 21. Ng4
{[%clk 0:43:56]} Ba6 {[%clk 0:30:40]} 22. Rh3 {[%clk 0:38:10]} Qc7
{[%clk 0:18:09]} 23. Ne3 {[%clk 0:36:48]} Bd6 {[%clk 0:14:59]} 24. Qh5
{[%clk 0:31:56]} f5 {[%clk 0:08:44]} 25. Qf3 {[%clk 0:23:17]} Ng6
{[%clk 0:08:10]} 26. Qh5 {[%clk 0:20:46]} Nxf4 {[%clk 0:04:29]} 27. Qxh7+
{[%clk 0:20:44]} Kf7 {[%clk 0:04:48]} 28. Nxf5 {[%clk 0:15:19]} exf5
{[%clk 0:04:25]} 29. Qxf5+ {[%clk 0:15:30]} Kg8 {[%clk 0:03:09]} 30. Rh8+ 1-0

[Event "Ch_SFO"]
[Site "?"]
[Date "2018.03.19"]
[Round "7.5"]
[White "Sviridov, Valery"]
[Black "Tsydypov, Zhamsaran"]
[Result "1-0"]
[BlackElo "2523"]
[WhiteElo "2506"]
[LiveChessVersion "1.4.8"]

1. g3 {[%clk 1:30:57]} d5 2. Nf3 {[%clk 1:31:13]} Nf6 {[%clk 1:28:01]} 3. Bg2
{[%clk 1:31:33]} e6 {[%clk 1:27:42]} 4. O-O {[%clk 1:31:45]} Be7 {[%clk 1:28:00]}
5. c4 {[%clk 1:31:58]} O-O {[%clk 1:28:13]} 6. d4 {[%clk 1:31:12]} Nbd7
{[%clk 1:25:39]} 7. Qc2 {[%clk 1:28:14]} c6 {[%clk 1:25:25]} 8. Rd1
{[%clk 1:28:07]} b6 {[%clk 1:25:01]} 9. Nc3 {[%clk 1:27:56]} Bb7 {[%clk 1:19:34]}
10. b3 {[%clk 1:28:08]} Ba6 {[%clk 1:19:06]} 11. e4 {[%clk 1:23:36]} dxc4
{[%clk 1:19:04]} 12. Nd2 {[%clk 1:23:56]} cxb3 {[%clk 1:07:25]} 13. axb3
{[%clk 1:24:19]} Qc8 {[%clk 1:07:53]} 14. Qa2 {[%clk 1:17:53]} Bb7
{[%clk 0:58:12]} 15. Nc4 {[%clk 1:16:23]} a5 {[%clk 0:56:16]} 16. Bf4
{[%clk 1:05:06]} Ne8 {[%clk 0:51:54]} 17. Qc2 {[%clk 1:02:47]} Bb4
{[%clk 0:51:36]} 18. Rac1 {[%clk 0:59:14]} b5 {[%clk 0:50:11]} 19. Nb2
{[%clk 0:56:23]} c5 {[%clk 0:45:36]} 20. dxc5 {[%clk 0:49:34]} Bxc3
{[%clk 0:36:44]} 21. Qxc3 {[%clk 0:49:57]} Ra6 {[%clk 0:35:27]} 22. Nd3
{[%clk 0:43:54]} f5 {[%clk 0:28:44]} 23. Ne5 {[%clk 0:40:30]} Nxe5
{[%clk 0:27:17]} 24. Qxe5 {[%clk 0:40:40]} Bxe4 {[%clk 0:25:26]} 25. Bxe4
{[%clk 0:40:53]} fxe4 {[%clk 0:25:52]} 26. Qxe4 {[%clk 0:37:47]} Nf6
{[%clk 0:25:21]} 27. Qe2 {[%clk 0:37:56]} b4 {[%clk 0:17:43]} 28. Rd6
{[%clk 0:35:36]} Rxd6 {[%clk 0:16:58]} 29. Bxd6 {[%clk 0:34:35]} Rd8
{[%clk 0:15:41]} 30. Be7 {[%clk 0:34:18]} Rd5 {[%clk 0:14:54]} 31. Bxf6
{[%clk 0:30:41]} gxf6 {[%clk 0:15:08]} 32. c6 {[%clk 0:31:05]} 1-0

[Event "Ch_SFO"]
[Site "?"]
[Date "2018.03.19"]
[Round "7.7"]
[White "Lavrov, Sergey V"]
[Black "Bocharov, Ivan"]
[Result "0-1"]
[BlackElo "2530"]
[WhiteElo "2404"]
[LiveChessVersion "1.4.8"]

1. d4 {[%clk 1:30:57]} Nf6 {[%clk 1:30:57]} 2. c4 {[%clk 1:31:22]} c5
{[%clk 1:31:24]} 3. d5 {[%clk 1:30:30]} b5 {[%clk 1:31:38]} 4. Nf3
{[%clk 1:30:36]} Bb7 {[%clk 1:31:49]} 5. a4 {[%clk 1:30:10]} Qa5+
{[%clk 1:32:02]} 6. Bd2 {[%clk 1:28:39]} b4 {[%clk 1:32:19]} 7. Bg5
{[%clk 1:27:32]} g6 {[%clk 1:22:50]} 8. Nbd2 {[%clk 1:23:53]} Bg7
{[%clk 1:22:31]} 9. e4 {[%clk 1:22:04]} d6 {[%clk 1:22:51]} 10. h3
{[%clk 1:20:30]} h6 {[%clk 1:21:54]} 11. Be3 {[%clk 1:20:31]} Nfd7
{[%clk 1:13:11]} 12. Rb1 {[%clk 1:08:49]} e5 {[%clk 1:06:06]} 13. g4
{[%clk 1:06:59]} Nf6 {[%clk 1:02:53]} 14. Bd3 {[%clk 1:04:20]} Nbd7
{[%clk 1:01:42]} 15. Ra1 {[%clk 1:03:40]} g5 {[%clk 0:58:44]} 16. Nf1
{[%clk 0:55:06]} Nf8 {[%clk 0:59:02]} 17. Ng3 {[%clk 0:55:28]} Ng6
{[%clk 0:59:31]} 18. Nf5 {[%clk 0:55:10]} Bf8 {[%clk 1:00:00]} 19. h4
{[%clk 0:50:29]} Nxg4 {[%clk 0:57:55]} 20. hxg5 {[%clk 0:46:07]} Nxe3
{[%clk 0:41:58]} 21. fxe3 {[%clk 0:46:11]} h5 {[%clk 0:37:27]} 22. Nd2
{[%clk 0:44:08]} h4 {[%clk 0:34:37]} 23. Qg4 {[%clk 0:39:30]} Bc8
{[%clk 0:35:05]} 24. Ke2 {[%clk 0:37:46]} Bd7 {[%clk 0:33:55]} 25. b3
{[%clk 0:35:27]} Be7 {[%clk 0:31:27]} 26. Nf3 {[%clk 0:35:16]} O-O-O
{[%clk 0:30:56]} 27. N3xh4 {[%clk 0:34:19]} Kb8 {[%clk 0:30:31]} 28. Nf3
{[%clk 0:33:48]} Rdg8 {[%clk 0:30:10]} 29. Kd2 {[%clk 0:20:37]} Qd8
{[%clk 0:30:04]} 30. Rxh8 {[%clk 0:19:14]} Rxh8 {[%clk 0:28:18]} 31. Rg1
{[%clk 0:19:07]} Rh7 {[%clk 0:26:47]} 32. Qg3 {[%clk 0:18:51]} Qh8
{[%clk 0:26:01]} 33. Bf1 {[%clk 0:16:24]} Bxf5 {[%clk 0:21:56]} 34. exf5
{[%clk 0:16:48]} e4 {[%clk 0:22:23]} 35. Nd4 {[%clk 0:13:33]} cxd4
{[%clk 0:22:19]} 36. fxg6 {[%clk 0:13:57]} d3 {[%clk 0:22:09]} 0-1

[Event "Ch_SFO"]
[Site "?"]
[Date "2018.03.19"]
[Round "7.8"]
[White "Belozerov, Andrei"]
[Black "Maleev, Pavel"]
[Result "1-0"]
[BlackElo "2303"]
[WhiteElo "2526"]
[LiveChessVersion "1.4.8"]

1. e4 {[%clk 1:30:45]} c6 {[%clk 1:30:51]} 2. d4 {[%clk 1:31:02]} d5
{[%clk 1:31:11]} 3. Nd2 {[%clk 1:31:12]} dxe4 {[%clk 1:31:29]} 4. Nxe4
{[%clk 1:31:34]} Nf6 {[%clk 1:31:56]} 5. Nxf6+ {[%clk 1:31:56]} exf6
{[%clk 1:32:23]} 6. c3 {[%clk 1:32:21]} Be6 {[%clk 1:32:14]} 7. Bd3
{[%clk 1:32:15]} Bd6 {[%clk 1:32:16]} 8. Ne2 {[%clk 1:32:31]} Qc7
{[%clk 1:32:31]} 9. Ng3 {[%clk 1:31:26]} Nd7 {[%clk 1:31:15]} 10. Nf5
{[%clk 1:24:57]} Bxf5 {[%clk 1:26:23]} 11. Bxf5 {[%clk 1:25:21]} Kf8
{[%clk 1:25:31]} 12. g3 {[%clk 1:20:05]} h5 {[%clk 1:18:58]} 13. Qf3
{[%clk 1:13:56]} Nb6 {[%clk 1:12:16]} 14. O-O {[%clk 1:11:54]} h4
{[%clk 1:11:11]} 15. Re1 {[%clk 1:11:28]} Qd8 {[%clk 0:33:45]} 16. Bd3
{[%clk 0:59:46]} g6 {[%clk 0:30:30]} 17. Bd2 {[%clk 0:59:07]} Kg7
{[%clk 0:30:08]} 18. Re2 {[%clk 0:58:50]} Nd7 {[%clk 0:24:42]} 19. Rae1
{[%clk 0:56:04]} Qc7 {[%clk 0:20:24]} 20. Kg2 {[%clk 0:43:45]} hxg3
{[%clk 0:19:04]} 21. hxg3 {[%clk 0:42:33]} Rh5 {[%clk 0:17:13]} 22. Rh1
{[%clk 0:41:58]} Rxh1 {[%clk 0:15:53]} 23. Kxh1 {[%clk 0:42:27]} Rh8+
{[%clk 0:16:10]} 24. Kg2 {[%clk 0:42:02]} Qa5 {[%clk 0:12:14]} 25. b4
{[%clk 0:40:38]} Qc7 {[%clk 0:07:15]} 26. c4 {[%clk 0:39:43]} Qc8
{[%clk 0:05:55]} 27. Kg1 {[%clk 0:39:09]} Re8 {[%clk 0:04:41]} 28. c5
{[%clk 0:38:46]} Bc7 {[%clk 0:04:35]} 29. Bc3 {[%clk 0:37:41]} Kf8
{[%clk 0:04:28]} 30. b5 {[%clk 0:37:24]} Rxe2 {[%clk 0:04:40]} 31. Bxe2
{[%clk 0:37:07]} Bd8 {[%clk 0:04:22]} 32. a4 {[%clk 0:35:56]} f5 {[%clk 0:03:57]}
33. bxc6 {[%clk 0:26:10]} bxc6 {[%clk 0:04:22]} 34. d5 {[%clk 0:25:46]} cxd5 35.
Qxd5 Nxc5 {[%clk 0:01:15]} 36. Bd4 {[%clk 0:21:08]} Be7 {[%clk 0:00:49]} 37. Bc4
{[%clk 0:20:20]} Ne6 {[%clk 0:01:01]} 38. Bxa7 {[%clk 0:19:58]} f4
{[%clk 0:01:17]} 39. gxf4 {[%clk 0:20:10]} Nd8 {[%clk 0:00:51]} 40. f5
{[%clk 0:18:07]} Qxf5 {[%clk 0:00:41]} 41. Qxf5 {[%clk 0:17:38]} gxf5
{[%clk 0:01:09]} 42. a5 {[%clk 0:17:22]} Nc6 {[%clk 0:00:56]} 43. Bb6
{[%clk 0:17:23]} Nxa5 {[%clk 0:01:18]} 44. Bxa5 {[%clk 0:17:46]} Bf6
{[%clk 0:01:36]} 45. Bd3 {[%clk 0:17:51]} f4 {[%clk 0:02:03]} 46. Bc7
{[%clk 0:18:08]} Ke7 {[%clk 0:01:46]} 47. Bxf4 {[%clk 0:18:26]} Bd4
{[%clk 0:01:57]} 48. Be3 {[%clk 0:18:39]} Bc3 {[%clk 0:02:18]} 49. Kg2
{[%clk 0:19:01]} Kf6 {[%clk 0:02:36]} 50. Kh3 {[%clk 0:19:18]} Kg7
{[%clk 0:02:58]} 51. Kg4 {[%clk 0:19:38]} Kf8 {[%clk 0:02:55]} 52. Kf5
{[%clk 0:20:02]} Ke7 {[%clk 0:03:03]} 53. Bc5+ {[%clk 0:20:07]} Kd7
{[%clk 0:03:02]} 54. Bb5+ {[%clk 0:20:29]} Kc7 {[%clk 0:03:26]} 55. Be8
{[%clk 0:20:18]} 1-0

[Event "Ch_SFO"]
[Site "?"]
[Date "2018.03.19"]
[Round "7.9"]
[White "Beletsky, Alexey"]
[Black "Anikonov, Dmitry"]
[Result "0-1"]
[BlackElo "2398"]
[WhiteElo "2370"]
[LiveChessVersion "1.4.8"]

1. g3 {[%clk 1:30:57]} e5 {[%clk 1:30:19]} 2. c4 {[%clk 1:31:19]} Nc6
{[%clk 1:30:37]} 3. Bg2 {[%clk 1:31:43]} Bc5 {[%clk 1:30:58]} 4. Nc3
{[%clk 1:31:58]} a6 {[%clk 1:30:54]} 5. e3 {[%clk 1:32:14]} d6 {[%clk 1:31:10]}
6. Nge2 {[%clk 1:30:06]} Ba7 {[%clk 1:31:31]} 7. Nd5 {[%clk 1:25:45]} h5
{[%clk 1:24:30]} 8. h4 {[%clk 1:25:50]} Bg4 {[%clk 1:19:26]} 9. d3
{[%clk 1:24:02]} Nge7 {[%clk 1:16:17]} 10. Qb3 {[%clk 1:19:16]} Rb8
{[%clk 1:15:09]} 11. Nec3 {[%clk 1:17:55]} O-O {[%clk 1:14:11]} 12. O-O
{[%clk 1:15:52]} Qd7 {[%clk 1:08:17]} 13. Ne4 {[%clk 1:14:19]} Nxd5
{[%clk 1:04:33]} 14. cxd5 {[%clk 1:14:42]} Ne7 {[%clk 1:04:58]} 15. Kh2
{[%clk 1:05:16]} c6 {[%clk 1:01:52]} 16. dxc6 {[%clk 1:00:47]} bxc6
{[%clk 1:01:39]} 17. Qa3 {[%clk 0:56:23]} d5 {[%clk 1:00:04]} 18. Ng5
{[%clk 0:55:49]} f6 {[%clk 0:56:45]} 19. Nf3 {[%clk 0:55:51]} Rb6
{[%clk 0:41:47]} 20. Bd2 {[%clk 0:50:01]} Rfb8 {[%clk 0:41:44]} 21. b4
{[%clk 0:49:13]} R8b7 {[%clk 0:40:45]} 22. Rac1 {[%clk 0:47:53]} Bb8
{[%clk 0:40:42]} 23. Qa4 {[%clk 0:33:30]} Qf5 {[%clk 0:34:37]} 24. e4
{[%clk 0:18:58]} dxe4 {[%clk 0:34:52]} 25. dxe4 {[%clk 0:18:06]} Qxe4
{[%clk 0:34:47]} 26. Ng1 {[%clk 0:12:33]} Qd3 {[%clk 0:34:03]} 27. Bc3
{[%clk 0:10:21]} Nd5 {[%clk 0:31:46]} 28. Be1 {[%clk 0:10:36]} Bd7
{[%clk 0:29:24]} 29. Rd1 {[%clk 0:10:31]} Qc4 {[%clk 0:29:12]} 30. Qa3
{[%clk 0:10:26]} Nxb4 {[%clk 0:25:30]} 31. Bxb4 {[%clk 0:10:50]} Qxb4
{[%clk 0:25:55]} 32. Qd3 {[%clk 0:10:21]} Qe7 {[%clk 0:25:26]} 33. Bf3
{[%clk 0:10:00]} Rb4 {[%clk 0:24:58]} 34. Qg6 {[%clk 0:09:29]} Be8
{[%clk 0:24:44]} 35. Qf5 {[%clk 0:09:45]} g6 {[%clk 0:20:04]} 36. Qc8
{[%clk 0:09:28]} e4 {[%clk 0:18:10]} 37. Rfe1 {[%clk 0:09:23]} Rc7
{[%clk 0:16:46]} 38. Qxa6 {[%clk 0:09:31]} Qc5 {[%clk 0:16:33]} 39. Nh3
{[%clk 0:07:53]} Re7 {[%clk 0:15:25]} 40. Bg2 {[%clk 0:05:48]} e3
{[%clk 0:12:11]} 41. Rd8 {[%clk 0:02:22]} Kf7 {[%clk 0:12:25]} 42. f4
{[%clk 0:01:18]} Bc7 {[%clk 0:10:07]} 43. Rc8 {[%clk 0:01:04]} Rb2
{[%clk 0:09:15]} 44. Re2 {[%clk 0:01:31]} Rxe2 {[%clk 0:07:19]} 45. Qxe2
{[%clk 0:01:56]} Bd6 {[%clk 0:06:32]} 46. Ng1 {[%clk 0:01:39]} Bd7
{[%clk 0:05:34]} 47. Ra8 {[%clk 0:02:05]} Be6 {[%clk 0:04:48]} 48. Ra4
{[%clk 0:01:54]} Qb5 {[%clk 0:04:52]} 49. Qd1 {[%clk 0:00:35]} Bg4
{[%clk 0:04:27]} 50. Qxd6 {[%clk 0:01:01]} Qxa4 {[%clk 0:04:51]} 51. Bxc6
{[%clk 0:01:22]} Qxa2+ {[%clk 0:04:52]} 52. Kh1 {[%clk 0:01:51]} Qa7
{[%clk 0:04:11]} 53. Bd5+ {[%clk 0:01:57]} Be6 {[%clk 0:04:25]} 54. f5
{[%clk 0:01:55]} Bxd5+ {[%clk 0:04:07]} 55. Qxd5+ {[%clk 0:02:22]} Kg7
{[%clk 0:04:32]} 56. fxg6 {[%clk 0:02:29]} e2 {[%clk 0:04:16]} 57. Qxh5
{[%clk 0:02:56]} Qxg1+ {[%clk 0:04:37]} 0-1

[Event "Ch_SFO"]
[Site "?"]
[Date "2018.03.19"]
[Round "7.10"]
[White "Vlassov, Nikolai"]
[Black "Ibadov, Dashgyn"]
[Result "0-1"]
[BlackElo "2186"]
[WhiteElo "2457"]
[LiveChessVersion "1.4.8"]

1. e4 e6 {[%clk 1:29:28]} 2. d4 {[%clk 1:31:23]} d5 {[%clk 1:29:52]} 3. exd5
{[%clk 1:31:49]} exd5 {[%clk 1:30:19]} 4. Nf3 {[%clk 1:32:13]} Nc6
{[%clk 1:29:27]} 5. Bb5 {[%clk 1:31:06]} Bd6 {[%clk 1:29:35]} 6. O-O
{[%clk 1:31:21]} Nge7 {[%clk 1:29:50]} 7. c4 {[%clk 1:31:26]} dxc4
{[%clk 1:29:57]} 8. Bxc4 {[%clk 1:28:42]} O-O {[%clk 1:29:57]} 9. Nc3
{[%clk 1:29:05]} Bg4 {[%clk 1:28:12]} 10. Be3 {[%clk 1:27:25]} Nf5
{[%clk 1:24:43]} 11. Nb5 {[%clk 1:23:46]} a6 {[%clk 1:19:38]} 12. Nxd6
{[%clk 1:24:02]} Qxd6 {[%clk 1:20:01]} 13. Be2 {[%clk 1:22:16]} Rfe8
{[%clk 1:11:50]} 14. Qd3 {[%clk 1:10:33]} Nfxd4 {[%clk 1:04:50]} 15. Bxd4
{[%clk 1:06:13]} Nxd4 {[%clk 1:02:24]} 16. Qxd4 {[%clk 1:06:25]} Qxd4
{[%clk 1:02:44]} 17. Nxd4 {[%clk 1:06:50]} Bxe2 {[%clk 1:03:12]} 18. Rfc1
{[%clk 1:05:01]} Rad8 {[%clk 0:55:27]} 19. Nb3 {[%clk 1:01:22]} Re7
{[%clk 0:49:18]} 20. f3 {[%clk 0:58:12]} b6 {[%clk 0:48:03]} 21. Kf2
{[%clk 0:57:28]} c5 {[%clk 0:39:49]} 22. Re1 {[%clk 0:53:43]} Rde8
{[%clk 0:40:13]} 23. Nd2 {[%clk 0:53:52]} Bd3 {[%clk 0:39:37]} 24. Rxe7
{[%clk 0:54:07]} Rxe7 {[%clk 0:40:03]} 25. Re1 {[%clk 0:54:32]} Rxe1
{[%clk 0:39:53]} 26. Kxe1 {[%clk 0:55:00]} f6 {[%clk 0:38:36]} 27. Kf2
{[%clk 0:54:19]} Kf7 {[%clk 0:38:35]} 28. a4 {[%clk 0:52:17]} Ke6
{[%clk 0:27:45]} 29. Ke3 {[%clk 0:52:39]} Bc2 {[%clk 0:28:04]} 30. Nc4
{[%clk 0:48:33]} Bxa4 {[%clk 0:27:11]} 31. Nxb6 {[%clk 0:49:01]} Bb3
{[%clk 0:27:13]} 32. Kd3 {[%clk 0:48:38]} Kd6 {[%clk 0:27:13]} 33. Kc3
{[%clk 0:49:01]} Kc6 {[%clk 0:27:16]} 34. Kxb3 {[%clk 0:44:46]} Kxb6
{[%clk 0:27:26]} 35. Kc4 {[%clk 0:45:10]} Kc6 {[%clk 0:27:44]} 36. h4
{[%clk 0:45:33]} g6 {[%clk 0:26:20]} 37. g4 {[%clk 0:45:44]} h5 {[%clk 0:26:20]}
38. gxh5 {[%clk 0:45:27]} gxh5 {[%clk 0:26:48]} 39. b3 {[%clk 0:45:35]} Kd6
{[%clk 0:26:59]} 40. f4 {[%clk 0:45:43]} f5 {[%clk 0:26:59]} 41. Kc3
{[%clk 0:45:36]} Kd5 {[%clk 0:27:28]} 42. Kd3 {[%clk 0:45:58]} a5
{[%clk 0:27:45]} 0-1

[Event "Ch_SFO"]
[Site "?"]
[Date "2018.03.19"]
[Round "7.11"]
[White "Piskunov, Alexandr"]
[Black "Kolmagorov, Alexey"]
[Result "1/2-1/2"]
[BlackElo "2175"]
[WhiteElo "2356"]
[LiveChessVersion "1.4.8"]

1. e4 {[%clk 1:30:58]} c5 {[%clk 1:30:58]} 2. Be2 {[%clk 1:31:23]} Nc6
{[%clk 1:29:42]} 3. f4 {[%clk 1:31:39]} g6 {[%clk 1:29:26]} 4. Nf3
{[%clk 1:32:07]} Bg7 {[%clk 1:28:59]} 5. O-O {[%clk 1:32:31]} e6 {[%clk 1:21:26]}
6. c3 {[%clk 1:32:23]} d6 {[%clk 1:17:38]} 7. Na3 {[%clk 1:32:50]} Nge7
{[%clk 1:16:30]} 8. d4 {[%clk 1:32:41]} cxd4 {[%clk 1:12:01]} 9. cxd4
{[%clk 1:32:52]} O-O {[%clk 1:11:54]} 10. Be3 {[%clk 1:33:14]} a6
{[%clk 1:03:32]} 11. Qd2 {[%clk 1:32:33]} b5 {[%clk 1:02:57]} 12. Nc2
{[%clk 1:32:27]} Bb7 {[%clk 1:02:21]} 13. a4 {[%clk 1:31:05]} Na5
{[%clk 1:01:24]} 14. Qd3 {[%clk 1:28:46]} Nc4 {[%clk 0:54:16]} 15. b3
{[%clk 1:28:04]} Nxe3 {[%clk 0:54:34]} 16. Nxe3 {[%clk 1:28:31]} Qd7
{[%clk 0:53:57]} 17. e5 {[%clk 1:23:48]} Bc6 {[%clk 0:45:04]} 18. Qd2
{[%clk 1:07:06]} Rfd8 {[%clk 0:40:34]} 19. axb5 {[%clk 1:01:02]} axb5
{[%clk 0:40:51]} 20. Qb2 {[%clk 0:53:28]} Nd5 {[%clk 0:35:23]} 21. Nxd5
{[%clk 0:51:18]} Bxd5 {[%clk 0:35:43]} 22. g3 {[%clk 0:42:26]} h5
{[%clk 0:33:47]} 23. Ng5 {[%clk 0:40:00]} Bh6 {[%clk 0:25:49]} 24. Nf3
{[%clk 0:38:10]} Bf8 {[%clk 0:22:17]} 25. h4 {[%clk 0:35:50]} Rxa1
{[%clk 0:20:28]} 26. Rxa1 {[%clk 0:35:53]} Bxf3 {[%clk 0:20:45]} 27. Bxf3
{[%clk 0:36:22]} dxe5 {[%clk 0:21:08]} 28. fxe5 {[%clk 0:36:51]} Qxd4+
{[%clk 0:19:56]} 29. Qxd4 {[%clk 0:37:19]} Rxd4 {[%clk 0:20:21]} 30. Bc6
{[%clk 0:35:59]} Bc5 {[%clk 0:19:31]} 31. Kg2 {[%clk 0:35:03]} Rd2+
{[%clk 0:19:15]} 32. Kh3 {[%clk 0:35:23]} Rb2 {[%clk 0:18:23]} 33. Rf1
{[%clk 0:34:25]} b4 {[%clk 0:17:00]} 34. Be8 {[%clk 0:34:03]} Rf2
{[%clk 0:16:25]} 35. Rxf2 {[%clk 0:29:25]} Bxf2 {[%clk 0:16:51]} 36. g4
{[%clk 0:29:51]} Bd4 {[%clk 0:16:40]} 37. g5 {[%clk 0:30:19]} Bxe5
{[%clk 0:16:50]} 38. Kg2 {[%clk 0:30:44]} Bc3 {[%clk 0:15:23]} 39. Kf2
{[%clk 0:31:09]} Kf8 {[%clk 0:14:44]} 40. Bc6 {[%clk 0:31:35]} f6
{[%clk 0:12:00]} 41. gxf6 {[%clk 0:32:00]} Kf7 {[%clk 0:12:24]} 42. Be4
{[%clk 0:32:16]} Kxf6 {[%clk 0:12:48]} 43. Bd3 {[%clk 0:32:26]} g5
{[%clk 0:08:40]} 44. hxg5+ {[%clk 0:32:50]} Kxg5 {[%clk 0:09:06]} 45. Kf3
{[%clk 0:31:13]} h4 {[%clk 0:07:51]} 46. Bc2 {[%clk 0:23:10]} Be5
{[%clk 0:07:16]} 47. Bd3 {[%clk 0:22:27]} Bf4 {[%clk 0:02:18]} 48. Be4
{[%clk 0:21:49]} Bc1 {[%clk 0:02:10]} 49. Bd3 {[%clk 0:21:14]} Bf4
{[%clk 0:02:05]} 50. Be4 {[%clk 0:21:42]} Bd6 {[%clk 0:02:27]} 51. Bc6
{[%clk 0:19:12]} Kf5 {[%clk 0:02:27]} 52. Ke3 {[%clk 0:19:09]} Bf4+
{[%clk 0:00:58]} 53. Kd3 {[%clk 0:19:24]} Kg4 {[%clk 0:01:15]} 54. Ke2
{[%clk 0:19:41]} Bc1 {[%clk 0:00:59]} 55. Bb7 {[%clk 0:20:02]} Kf4
{[%clk 0:01:05]} 56. Kd3 {[%clk 0:20:22]} Be3 {[%clk 0:01:06]} 1/2-1/2

[Event "Ch_SFO"]
[Site "?"]
[Date "2018.03.19"]
[Round "7.12"]
[White "Tsybikov, Tumen"]
[Black "Boiarintsev, Vitaly"]
[Result "1-0"]
[BlackElo "2342"]
[WhiteElo "2213"]
[LiveChessVersion "1.4.8"]

1. e4 {[%clk 1:30:49]} g6 {[%clk 1:30:54]} 2. d4 {[%clk 1:31:15]} Bg7
{[%clk 1:31:21]} 3. Nc3 {[%clk 1:31:39]} c5 {[%clk 1:31:50]} 4. dxc5
{[%clk 1:31:27]} Qa5 {[%clk 1:32:12]} 5. Bd2 {[%clk 1:31:49]} Qxc5
{[%clk 1:32:38]} 6. Nd5 {[%clk 1:32:10]} Na6 {[%clk 1:33:05]} 7. Nf3
{[%clk 1:32:05]} Nf6 {[%clk 1:33:31]} 8. b4 {[%clk 1:32:00]} Qd6 {[%clk 1:33:55]}
9. Bf4 {[%clk 1:32:21]} Qe6 {[%clk 1:34:19]} 10. Ng5 {[%clk 1:31:57]} Qc6
{[%clk 1:34:45]} 11. b5 {[%clk 1:32:04]} Qc5 {[%clk 1:34:57]} 12. Be5
{[%clk 1:31:15]} Ng4 {[%clk 1:35:04]} 13. Bg3 {[%clk 0:51:56]} Nb4
{[%clk 1:34:54]} 14. Nc7+ {[%clk 0:42:12]} Kf8 {[%clk 1:35:04]} 15. Bd3
{[%clk 0:41:59]} Bc3+ {[%clk 0:24:39]} 16. Kf1 {[%clk 0:41:27]} Qxg5
{[%clk 0:09:30]} 17. Nxa8 {[%clk 0:40:30]} Qf6 {[%clk 0:07:25]} 18. Qxg4
{[%clk 0:39:31]} Nxd3 {[%clk 0:06:20]} 19. Rd1 {[%clk 0:34:24]} Ne5
{[%clk 0:03:45]} 20. Qf4 {[%clk 0:25:35]} Qe6 {[%clk 0:04:10]} 21. Rd5
{[%clk 0:25:58]} d6 {[%clk 0:04:30]} 22. Qe3 {[%clk 0:25:41]} Ba5
{[%clk 0:01:37]} 23. Bxe5 {[%clk 0:16:24]} dxe5 {[%clk 0:02:00]} 24. Qxa7
{[%clk 0:16:19]} b6 {[%clk 0:01:44]} 25. Qc7 {[%clk 0:14:49]} f6 {[%clk 0:01:31]}
26. h3 {[%clk 0:13:48]} Kf7 {[%clk 0:01:32]} 27. Kg1 {[%clk 0:13:41]} g5
{[%clk 0:01:23]} 28. Qb8 {[%clk 0:07:55]} Kg7 {[%clk 0:01:23]} 29. Kh2
{[%clk 0:07:17]} Qf7 {[%clk 0:00:58]} 30. Qc7 {[%clk 0:05:58]} Be6
{[%clk 0:00:37]} 31. Rd8 {[%clk 0:06:22]} Rxd8 {[%clk 0:00:44]} 32. Qxd8
{[%clk 0:06:47]} g4 {[%clk 0:00:53]} 33. Nc7 {[%clk 0:06:34]} Bb4
{[%clk 0:01:11]} 34. Nxe6+ {[%clk 0:06:14]} Qxe6 {[%clk 0:01:39]} 35. Qd5
{[%clk 0:06:33]} Qc8 {[%clk 0:02:02]} 36. c4 {[%clk 0:05:40]} Bc5
{[%clk 0:02:31]} 37. Rf1 {[%clk 0:05:18]} h5 {[%clk 0:02:46]} 38. h4
{[%clk 0:03:51]} Qh8 {[%clk 0:02:22]} 39. g3 {[%clk 0:04:08]} Qc8
{[%clk 0:02:27]} 40. Kg2 {[%clk 0:04:24]} Bd4 {[%clk 0:02:40]} 41. a4
{[%clk 0:03:58]} Qc7 {[%clk 0:02:42]} 42. a5 {[%clk 0:03:54]} bxa5
{[%clk 0:03:04]} 43. Qc6 {[%clk 0:04:14]} Qa7 {[%clk 0:03:20]} 44. Rb1
{[%clk 0:04:39]} a4 {[%clk 0:03:41]} 45. Qa6 {[%clk 0:04:13]} Qc5
{[%clk 0:03:19]} 46. Qxa4 {[%clk 0:04:24]} Bxf2 {[%clk 0:03:06]} 47. Qc2
{[%clk 0:04:15]} Bxg3 {[%clk 0:02:45]} 48. Kxg3 {[%clk 0:04:16]} Qe3+ 49. Kg2
Qf3+ {[%clk 0:02:07]} 50. Kg1 {[%clk 0:04:35]} Qe3+ {[%clk 0:02:18]} 51. Qf2
{[%clk 0:03:52]} Qxe4 {[%clk 0:02:41]} 52. Rc1 {[%clk 0:04:14]} Qd3
{[%clk 0:02:58]} 53. Kg2 {[%clk 0:03:54]} Qh3+ {[%clk 0:02:23]} 54. Kg1
{[%clk 0:04:00]} g3 {[%clk 0:02:42]} 55. Qd2 {[%clk 0:03:53]} Kf7
{[%clk 0:01:21]} 56. Rc2 {[%clk 0:02:38]} Qxh4 {[%clk 0:01:46]} 57. b6
{[%clk 0:03:02]} g2 {[%clk 0:01:59]} 58. Qxg2 {[%clk 0:02:54]} Qd4+
{[%clk 0:02:02]} 59. Qf2 {[%clk 0:03:18]} Qd1+ {[%clk 0:01:48]} 60. Kh2
{[%clk 0:03:27]} e4 {[%clk 0:01:18]} 61. b7 {[%clk 0:02:28]} e3 {[%clk 0:01:42]}
62. Qg2 {[%clk 0:02:45]} Qd6+ {[%clk 0:00:35]} 63. Qg3 {[%clk 0:03:04]} e5
{[%clk 0:00:34]} 64. Rg2 {[%clk 0:03:00]} 1-0